Бухгалтерский управленческий учет. Практикум: учебник

Dades bibliogràfiques
Autor principal: Керимов В. Э. Вагиф Эльдар оглы
Sumari:Исключено из фонда НТБ ТПУ
Idioma:rus
Publicat: Москва, Дашков и К, 2008
Edició:5-е изд.
Format: MixedMaterials Llibre
KOHA link:https://koha.lib.tpu.ru/cgi-bin/koha/opac-detail.pl?biblionumber=126032

MARC

LEADER 00000nam0a2200000 4500
001 126032
005 20231031131712.0
010 |a 9785911316662 
035 |a (RuTPU)RU\TPU\book\136354 
035 |a RU\TPU\book\121392 
090 |a 126032 
100 |a 20070326d2008 m y0rusy50 ca 
101 0 |a rus 
102 |a RU 
105 |a y j 001zy 
200 1 |a Бухгалтерский управленческий учет. Практикум  |e учебник  |f В. Э. Керимов 
205 |a 5-е изд. 
210 |a Москва  |c Дашков и К  |d 2008 
215 |a 100 с. 
320 |a Библиогр.: с. 95-98. 
333 |a Исключено из фонда НТБ ТПУ 
700 1 |a Керимов  |b В. Э.  |g Вагиф Эльдар оглы 
801 1 |a RU  |b 63413507  |c 20071123  |g PSBO 
801 2 |a RU  |b 63413507  |c 20210224  |g PSBO 
942 |c BK